[Event "42nd WGM"]
[Site "Belgrade SRB"]
[Date "2010.03.03"]
[Round "1"]
[White "Grabuzova,T"]
[Black "Miladinovic,L"]
[Result "1-0"]
[WhiteElo "2347"]
[BlackElo "2038"]
[EventDate "2010.03.03"]

1. d4 Nf6 2. c4 e6 3. g3 Bb4+ 4. Bd2 Qe7 5. Bg2 Nc6 6. e3 e5 7. d5 Bxd2+ 8.
Qxd2 Nb8 9. d6 Qxd6 10. Qxd6 cxd6 11. Nc3 Nc6 12. Rd1 a6 13. Nge2 Ke7 14.
g4 Nxg4 15. Nd5+ Kf8 16. Nb6 Rb8 17. Ng3 Nf6 18. Nf5 Ne8 19. Ke2 g6 20.
Nxd6 Nxd6 21. Rxd6 Ke7 22. c5 f5 23. Rhd1 Rd8 24. f4 e4 25. h4 Nb4 26. h5
Nd3 27. hxg6 hxg6 28. Rh1 Nxc5 29. Rxg6 Rf8 30. Rh7+ Kd8 31. Bh3 Ne6 32.
Kd2 Nc5 33. b4 Nd3 34. Nd5 b5 35. Bxf5 Nxb4 36. Rf6 Nxd5 37. Rxf8+ Kc7 38.
Bxe4 Nb6 39. Bd3 Na4 40. f5 Rb6 41. f6 Nc5 42. f7 Rf6 43. Re8 Ne6 44. Rxe6
1-0

[Event "42nd WGM"]
[Site "Belgrade SRB"]
[Date "2010.03.03"]
[Round "1"]
[White "Petrovic,Mari"]
[Black "Benderac,A"]
[Result "1-0"]
[WhiteElo "2182"]
[BlackElo "2299"]
[EventDate "2010.03.03"]

1. d4 f5 2. Nc3 Nf6 3. Bg5 d5 4. Bxf6 exf6 5. e3 c6 6. Bd3 Qb6 7. Rb1 Na6
8. a3 Bd6 9. b4 O-O 10. Nge2 Re8 11. g3 Qd8 12. Nf4 Qe7 13. Qf3 Nc7 14.
Nce2 a5 15. c3 axb4 16. axb4 b5 17. h3 Ra2 18. g4 Bxf4 19. Nxf4 g5 20. Nh5
f4 21. O-O f5 22. exf4 fxg4 23. hxg4 gxf4 24. Qxf4 Rf8 25. Qh6 Bxg4 26.
Rbe1 Ne6 27. Re5 Bxh5 28. Rxh5 Rf6 29. Bxh7+ Kf7 30. Qe3 Nf4 31. Qxe7+ Kxe7
32. Re1+ Kd6 33. Rh4 Ne2+ 34. Kf1 Nxc3 35. f4 Rb2 36. Re3 Na4 37. f5 Rxb4
38. Rg3 Nb6 39. Rg6 Nd7 40. Bg8 c5 41. Rhh6 Ke7 42. Rh7+ Ke8 43. Be6 Nf8
44. Rh8 Rxe6 45. fxe6 Ke7 46. Rg7+ Kxe6 47. Rxf8 Rxd4 48. Rc8 c4 49. Rb7
Rf4+ 50. Ke2 Ke5 51. Rxb5 Kd4 52. Rb1 Re4+ 53. Kd2 Rh4 54. Rd1 Rh2+ 55.
Kc1+ 1-0

[Event "42nd WGM"]
[Site "Belgrade SRB"]
[Date "2010.03.03"]
[Round "1"]
[White "Petrenko,S"]
[Black "Boric,E"]
[Result "1/2-1/2"]
[WhiteElo "2268"]
[BlackElo "2263"]
[EventDate "2010.03.03"]

1. e4 Nf6 2. e5 Nd5 3. c4 Nb6 4. d4 d6 5. Nf3 g6 6. exd6 cxd6 7. Be2 Bg7 8.
Nc3 O-O 9. O-O Bg4 10. b3 Nc6 11. Be3 e6 12. h3 Bxf3 13. Bxf3 d5 14. c5 Nd7
15. Ne2 b6 16. cxb6 Qxb6 17. Qd2 Rfc8 18. Rfd1 a5 19. Nc3 Qb4 20. a3 Qf8
21. Nb5 a4 22. b4 Nb6 23. Be2 Nc4 24. Bxc4 dxc4 25. Qe2 Na7 26. Nc3 Qe8 27.
Qc2 Nb5 28. Nxa4 Qc6 29. Nc5 Nxa3 30. Qc3 Nb5 31. Qxc4 Na3 32. Qd3 Nb5 33.
Rac1 Qe8 34. Nb3 Rxc1 35. Bxc1 Rd8 36. Bb2 Nxd4 37. Nxd4 e5 38. Qc4 exd4
39. Qd3 h5 40. Kf1 Qe5 41. Kg1 Qd5 42. Bc1 Ra8 1/2-1/2

[Event "42nd WGM"]
[Site "Belgrade SRB"]
[Date "2010.03.03"]
[Round "1"]
[White "Stefanidi,M1"]
[Black "Voiska,M"]
[Result "0-1"]
[WhiteElo "2125"]
[BlackElo "2320"]
[EventDate "2010.03.03"]

1. e4 c5 2. Nf3 Nc6 3. d4 cxd4 4. Nxd4 e5 5. Nxc6 bxc6 6. Bd3 Bb4+ 7. Bd2
Bc5 8. O-O Nf6 9. Nc3 O-O 10. Kh1 d5 11. Qe2 Re8 12. Rad1 h6 13. h3 Bd4 14.
Qf3 Be6 15. b3 Qe7 16. Ne2 dxe4 17. Bxe4 Nxe4 18. Qxe4 Qc5 19. f4 f5 20.
Qd3 Rad8 21. Nxd4 Rxd4 22. Be3 Rxd3 23. Bxc5 Rc3 24. Bxa7 Ra8 25. Bb6 Rxc2
26. a4 Bd5 27. Rg1 exf4 28. Rc1 Re2 29. Rc3 Ra2 30. Rcc1 Re8 31. Ra1 Bxb3
32. Rxa2 Bxa2 33. a5 Bc4 34. Rc1 Bb5 35. Kg1 Re2 36. Bc7 Ra2 37. Rc3 Ra1+
38. Kf2 Rf1+ 0-1

[Event "42nd WGM"]
[Site "Belgrade SRB"]
[Date "2010.03.04"]
[Round "2"]
[White "Petrenko,S"]
[Black "Eric,J"]
[Result "0-1"]
[WhiteElo "2268"]
[BlackElo "2183"]
[EventDate "2010.03.03"]

1. e4 c5 2. Nf3 d6 3. d4 cxd4 4. Nxd4 Nf6 5. Nc3 a6 6. Be2 e5 7. Nb3 Be7 8.
O-O O-O 9. f4 b5 10. Bf3 Bb7 11. a3 Nbd7 12. f5 Qc7 13. Qe2 Nc5 14. Kh1 Na4
15. Nd1 d5 16. Nf2 Rac8 17. c3 Qc4 18. Na5 Qxe2 19. Bxe2 Ba8 20. exd5 Bxd5
21. Bd1 Bd8 22. Nb3 Bb6 23. Nd2 e4 24. Nh3 e3 25. Nf3 Bc4 26. Re1 Ng4 27.
b3 Nf2+ 28. Nxf2 exf2 29. bxc4 fxe1=Q+ 30. Nxe1 Nxc3 31. Bf3 Rxc4 32. Nc2
Ne2 33. Be3 Bxe3 34. Nxe3 Rc1+ 35. Rxc1 Nxc1 36. g4 Nd3 37. Nd5 Ne5 38. Be2
Rd8 0-1

[Event "42nd WGM"]
[Site "Belgrade SRB"]
[Date "2010.03.04"]
[Round "2"]
[White "Miladinovic,L"]
[Black "Petrovic,Mari"]
[Result "1/2-1/2"]
[WhiteElo "2038"]
[BlackElo "2182"]
[EventDate "2010.03.03"]

1. e4 g6 2. d4 Bg7 3. Nf3 d6 4. Nc3 a6 5. a4 e6 6. Be3 b6 7. h3 Bb7 8. Be2
Nd7 9. O-O Ne7 10. Qd2 Nf6 11. Bd3 h6 12. Rfe1 Kf8 13. Bf4 Kg8 14. Rad1 Kh7
15. Qc1 Nd7 16. Bc4 Rf8 17. Bb3 Ra7 18. Nb1 Qa8 19. Nc3 Rd8 20. Bc4 Nf6 21.
Bd3 Qc8 22. Nb1 c5 23. c3 Bc6 24. Bc2 Rad7 25. e5 Nh5 26. exd6 Nd5 27. Bh2
cxd4 28. Nxd4 Ba8 29. Nf3 Qb7 30. Bb3 Ndf6 31. Bc2 Bf8 32. Na3 Qc6 33. Bd3
Bxd6 34. Bxd6 Rxd6 35. Bxa6 Qxa4 36. Rxd6 Rxd6 37. Bb5 Qa7 38. Ne5 Qb7 39.
Bf1 Rd5 40. Qe3 Kg7 41. c4 Rd8 42. Nb5 g5 43. Nd4 Nf4 44. Ndf3 Nd7 45. Nxd7
Rxd7 46. h4 f6 47. hxg5 hxg5 48. Ra1 e5 49. Nxg5 fxg5 50. Qxe5+ Kg6 51.
Qe8+ Kf6 52. Rxa8 Ng6 53. Rb8 Qc7 54. Rc8 Qd6 55. Qe4 Ne5 56. Rh8 Rg7 57.
Qa8 Ng6 58. Rd8 Rd7 59. Rc8 Qd4 60. Qf3+ Kg7 61. g3 g4 62. Qe2 Re7 63. Qd3
Qxd3 64. Bxd3 Re1+ 65. Kg2 Ne5 66. Bf1 Rb1 67. Re8 Kf6 68. Rf8+ Ke6 69.
Re8+ Kd6 70. Rd8+ Ke6 71. Rd2 Nf3 72. Re2+ Kf5 73. b4 Rxb4 74. Ra2 Ke5 75.
Be2 Ke4 76. Ra3 Ne5 77. Bxg4 Nxg4 78. f3+ Kf5 79. fxg4+ Kxg4 80. Kf2 Rxc4
81. Rb3 Rc6 82. Ke2 Rd6 83. Rd3 1/2-1/2

[Event "42nd WGM"]
[Site "Belgrade SRB"]
[Date "2010.03.04"]
[Round "2"]
[White "Boric,E"]
[Black "Benderac,A"]
[Result "0-1"]
[WhiteElo "2263"]
[BlackElo "2299"]
[EventDate "2010.03.03"]

1. e4 e6 2. Qe2 e5 3. Nf3 Nc6 4. g3 Nf6 5. Bg2 Bc5 6. O-O O-O 7. c3 Re8 8.
d3 a5 9. a4 d5 10. Na3 Bxa3 11. Rxa3 d4 12. h3 b6 13. Kh2 dxc3 14. bxc3 Ba6
15. Rd1 Qd6 16. Qe3 Rad8 17. Ne1 Ne7 18. Ra1 c5 19. f4 exf4 20. Qxf4 Ng6
21. Qxd6 Rxd6 22. Ba3 Rde6 23. Nf3 h6 24. Rab1 Rd8 25. Ne1 Ne5 26. d4 Nc4
27. Bc1 Nxe4 28. Rb3 Nf2 29. d5 Ree8 30. Rd2 Nxd2 31. Bxd2 Bc4 32. Rb1 Bxd5
33. Bf4 Bxg2 34. Kxg2 Nd3 35. Nxd3 Rxd3 36. Rxb6 Re2+ 37. Kf1 Ra2 38. Ke1
Rxc3 39. Rb5 c4 40. Rxa5 Rb3 0-1

[Event "42nd WGM"]
[Site "Belgrade SRB"]
[Date "2010.03.04"]
[Round "2"]
[White "Voiska,M"]
[Black "Grabuzova,T"]
[Result "1/2-1/2"]
[WhiteElo "2320"]
[BlackElo "2347"]
[EventDate "2010.03.03"]

1. Nf3 e6 2. c4 b6 3. g3 Bb7 4. Bg2 f5 5. O-O Nf6 6. d3 Be7 7. Nc3 O-O 8.
e4 fxe4 9. Ng5 Nc6 10. Ngxe4 Nxe4 11. Nxe4 Bf6 12. Nxf6+ Qxf6 13. d4 Na5
14. Bxb7 Nxb7 15. Bf4 1/2-1/2

[Event "42nd WGM"]
[Site "Belgrade SRB"]
[Date "2010.03.04"]
[Round "2"]
[White "Maksimovic,S"]
[Black "Stefanidi,M1"]
[Result "1-0"]
[WhiteElo "2272"]
[BlackElo "2125"]
[EventDate "2010.03.03"]

1. d4 Nf6 2. c4 c5 3. Nf3 cxd4 4. Nxd4 g6 5. Nc3 Bg7 6. e4 d6 7. Be2 Nc6 8.
Be3 O-O 9. O-O Bd7 10. f3 Ne5 11. Qd2 Rc8 12. b3 a5 13. Rac1 Bc6 14. Rfd1
Ra8 15. h3 Ned7 16. Nxc6 bxc6 17. f4 Qb8 18. Bf3 Qc7 19. Na4 Rfd8 20. Qf2
e5 21. f5 gxf5 22. exf5 e4 23. Be2 Kh8 24. Qg3 Ne5 25. Bb6 Qe7 26. Bxd8
Rxd8 27. Qh4 d5 28. cxd5 cxd5 29. Nc3 Qc5+ 30. Kf1 Qf8 31. Nb5 Ng8 32. Nd4
Bf6 33. Qf4 Qg7 34. Rc7 Nd3 35. Bxd3 Bxd4 36. f6 Bxf6 37. Rc6 Be5 38. Qh4
Bf6 39. Rxf6 Qxf6+ 40. Qxf6+ Nxf6 41. Ba6 Kg7 42. Rd4 Ng8 43. Ra4 Kf6 44.
Rxa5 Ke5 45. Bb7 Ne7 46. Rb5 Nf5 47. a4 Nd6 48. Rxd5+ Ke6 49. Bc6 Rb8 50.
Rc5 f5 51. a5 Nc8 52. a6 Kd6 53. Rc3 Na7 54. Bb7 Re8 55. g3 Re5 56. Ke2 Ra5
57. Ke3 Ke5 58. b4 Ra1 59. Rc5+ Kf6 60. g4 Ra3+ 61. Kf2 fxg4 62. hxg4 Rb3
63. g5+ Ke7 64. Bxe4 Rxb4 65. Rc7+ Kd6 66. Rxa7 Rxe4 67. Rxh7 Re8 68. Kf3
Ke6 69. Kg4 Rf8 70. a7 Rg8 71. Kh5 Rf8 72. Rb7 Ra8 73. Kg6 Kd5 1-0

[Event "42nd WGM"]
[Site "Belgrade SRB"]
[Date "2010.03.05"]
[Round "3"]
[White "Petrovic,Mari"]
[Black "Voiska,M"]
[Result "0-1"]
[WhiteElo "2182"]
[BlackElo "2320"]
[EventDate "2010.03.03"]

1. d4 g6 2. Nf3 Bg7 3. e3 d6 4. Bc4 Nf6 5. Nbd2 O-O 6. c3 Nc6 7. Nf1 Qe8 8.
Ng3 e5 9. h3 e4 10. Nd2 d5 11. Be2 Qd8 12. c4 Re8 13. a3 Be6 14. Qc2 Ne7
15. b4 c6 16. c5 h5 17. Nb3 h4 18. Nf1 Nh7 19. Bd2 Rf8 20. O-O-O f5 21. g3
g5 22. Nh2 Kh8 23. Rdg1 Nf6 24. Qd1 Bh6 25. Kb2 Kh7 26. Nf1 Ng6 27. gxh4
Nxh4 28. Nh2 Qd7 29. f3 exf3 30. Nxf3 Nxf3 31. Bxf3 Ne4 32. Be1 b6 33. Qc2
Bf7 34. Bg3 Nxg3 35. Rxg3 Bg6 36. Qg2 Rae8 37. Bd1 f4 38. exf4 Be4 39. Bc2
gxf4 40. Rf3 Rg8 41. Qf2 Rg6 42. Rh2 Qg7 43. Rc3 Kh8 44. Nd2 Bxc2 45. Kxc2
Re3 46. Nf3 Rg3 47. Rxe3 fxe3 48. Qe2 bxc5 49. bxc5 Qg6+ 50. Kc3 Qb1 51.
Rg2 Qc1+ 52. Kb3 Qc4+ 53. Kb2 Qxe2+ 54. Rxe2 Rxf3 55. Kc3 Rf2 56. Re1 Ra2
57. Kb3 Rh2 58. Kc3 e2 59. Kd3 Rxh3+ 60. Kxe2 Re3+ 0-1

[Event "42nd WGM"]
[Site "Belgrade SRB"]
[Date "2010.03.05"]
[Round "3"]
[White "Stefanidi,M1"]
[Black "Petrenko,S"]
[Result "0-1"]
[WhiteElo "2125"]
[BlackElo "2268"]
[EventDate "2010.03.03"]

1. e4 c5 2. Nf3 e6 3. d4 cxd4 4. Nxd4 a6 5. c4 Nf6 6. Nc3 Qc7 7. Be2 b6 8.
Be3 Bb7 9. f3 Bd6 10. g3 O-O 11. Qd2 Bc5 12. Na4 d5 13. cxd5 exd5 14. Rc1
dxe4 15. b4 exf3 16. Nxf3 Rd8 17. Qb2 Qe7 18. bxc5 Bxf3 19. Rf1 Qxe3 20.
Rxf3 Qg1+ 21. Rf1 Qxh2 22. Qb3 Nc6 23. Rf2 Qh1+ 24. Rf1 Qh6 25. Rd1 Rxd1+
26. Qxd1 Rd8 27. Qb3 bxc5 28. Rf4 Qh1+ 29. Kf2 Nd4 30. Qd1 Qh2+ 31. Kf1 Ne4
0-1

[Event "42nd WGM"]
[Site "Belgrade SRB"]
[Date "2010.03.05"]
[Round "3"]
[White "Grabuzova,T"]
[Black "Maksimovic,S"]
[Result "1-0"]
[WhiteElo "2347"]
[BlackElo "2272"]
[EventDate "2010.03.03"]

1. d4 Nf6 2. c4 e6 3. g3 Bb4+ 4. Bd2 Qe7 5. Bg2 Nc6 6. e3 Bxd2+ 7. Qxd2 e5
8. d5 Nb8 9. d6 Qxd6 10. Qxd6 cxd6 11. Nc3 Nc6 12. Rd1 b6 13. Nge2 O-O 14.
Nb5 Bb7 15. Nxd6 Rab8 16. Nc3 Na5 17. Nxb7 Nxb7 18. Nd5 Nxd5 19. Rxd5 d6
20. O-O Rfd8 21. f4 exf4 22. exf4 Kf8 23. Rfd1 Ke7 24. Re1+ Kf8 25. Rd2 Nc5
26. b4 Na6 27. b5 Nc5 28. Bc6 g6 29. Re3 Rbc8 30. f5 gxf5 31. Rf2 Ne6 32.
Bd5 Nc7 33. Bb7 Rb8 34. Bc6 Ne6 35. Ra3 Nd4 36. Rxa7 Nxc6 37. bxc6 Rbc8 38.
Rxf5 Rxc6 39. Rfxf7+ Kg8 40. Rg7+ Kh8 41. Rxh7+ Kg8 42. Rag7+ Kf8 43. Rc7
Rxc7 44. Rxc7 Ra8 45. Rd7 1-0

[Event "42nd WGM"]
[Site "Belgrade SRB"]
[Date "2010.03.05"]
[Round "3"]
[White "Eric,J"]
[Black "Boric,E"]
[Result "1/2-1/2"]
[WhiteElo "2183"]
[BlackElo "2263"]
[EventDate "2010.03.03"]

1. e4 Nf6 2. e5 Nd5 3. d4 d6 4. Nf3 g6 5. c4 Nb6 6. exd6 cxd6 7. Nc3 Bg7 8.
Be3 O-O 9. Be2 Nc6 10. Rc1 Bg4 11. b3 d5 12. c5 Nc8 13. h3 Bxf3 14. Bxf3 e6
15. O-O h6 16. Qd2 Kh7 17. Ne2 N8e7 18. g3 Nf5 19. Bg2 Qf6 20. Rfd1 Rad8
21. b4 Nxe3 22. fxe3 e5 23. b5 Ne7 24. Rf1 Qe6 25. Rce1 h5 26. Kh2 Nf5 27.
Nc3 h4 28. gxh4 Bh6 29. Qf2 b6 30. Nxd5 bxc5 31. dxc5 e4 32. Nf4 Qe5 33.
Kg1 Qxc5 34. Bxe4 Rfe8 35. Bxf5 Qxf5 36. Ng2 Qxf2+ 37. Rxf2 f5 38. h5 gxh5
39. Rxf5 Rd2 40. Rf7+ Kh8 41. Rf2 Rd3 42. Rf5 Rd2 43. Rxh5 Kh7 44. Rc1 Kg6
45. Rh4 Bxe3+ 46. Nxe3 Rxe3 47. a4 Kg5 48. Rg4+ Kf5 49. Rf1+ Ke5 50. h4 Rh3
51. Rf2 Rd1+ 52. Rf1 Rd2 53. Re1+ Kf5 54. Rg5+ Kf4 55. Rf1+ Ke4 56. Rg2
Rxg2+ 57. Kxg2 Rxh4 58. Rf7 a6 59. b6 Kd5 60. a5 Ra4 61. Kf3 Kc6 62. Rf5
Kb7 63. Ke3 Ra1 64. Kd3 Kb8 65. Kc4 Ra4+ 66. Kb3 Ra1 67. Kb4 Rb1+ 68. Kc4
Ra1 69. Rd5 Kb7 70. Rd7+ Kb8 71. Rd5 Ra4+ 72. Kb3 Ra1 73. Kb4 Rb1+ 74. Kc5
Rb5+ 75. Kc6 Rxd5 76. Kxd5 Kb7 1/2-1/2

[Event "42nd WGM"]
[Site "Belgrade SRB"]
[Date "2010.03.05"]
[Round "3"]
[White "Benderac,A"]
[Black "Miladinovic,L"]
[Result "1-0"]
[WhiteElo "2299"]
[BlackElo "2038"]
[EventDate "2010.03.03"]

1. Nf3 c5 2. g3 b6 3. Bg2 Bb7 4. O-O e6 5. d3 Nf6 6. e4 d6 7. Qe2 Be7 8.
Nbd2 O-O 9. a4 a6 10. Nc4 Nbd7 11. Re1 Qc7 12. Bf4 b5 13. Nxd6 Bxd6 14.
Bxd6 Qxd6 15. e5 Qc7 16. exf6 Nxf6 17. Qe5 Qe7 18. axb5 axb5 19. d4 Rfc8
20. Rxa8 Bxa8 21. dxc5 Qxc5 22. Qxc5 Rxc5 23. Ra1 Be4 24. Nd4 h6 25. Ra5
Bxg2 26. Kxg2 Rc4 27. c3 b4 28. Ra4 Nd5 29. Nc2 b3 30. Ra8+ Kh7 31. Ne3 Rc6
32. Nxd5 exd5 33. Rb8 d4 34. cxd4 Rc4 35. Rxb3 Rxd4 36. Rc3 Rd1 37. b4 Rb1
38. Rc4 Rb2 39. Kf3 Kg6 40. Ke3 Kf6 41. Rf4+ Ke6 42. Kd3 g5 43. Kc3 Rb1 44.
Rd4 Ke5 45. f4+ gxf4 46. Rxf4 Rc1+ 47. Kb3 Rc7 48. Rh4 Rc6 49. b5 Re6 50.
Rb4 Rb6 51. Kc4 Kd6 52. Ra4 Rb8 53. Ra6+ Kd7 54. Rxh6 Rc8+ 55. Kd5 Rc1 56.
b6 Rd1+ 57. Ke5 Ke7 58. Rc6 Re1+ 59. Kf5 Rf1+ 60. Kg5 Rb1 61. Rc7+ Ke6 62.
b7 f6+ 63. Kg6 Rb4 64. h3 f5 65. Rf7 Rb3 66. Rf6+ Ke7 67. g4 fxg4 68. hxg4
Rb4 69. g5 Rb5 70. Rf5 Rb1 71. Kg7 Ke6 72. Rf6+ Ke5 73. Rf7 Ke6 74. g6 Rb2
75. Kf8 Rh2 76. g7 1-0

[Event "42nd WGM"]
[Site "Belgrade SRB"]
[Date "2010.03.06"]
[Round "4"]
[White "Eric,J"]
[Black "Stefanidi,M1"]
[Result "1-0"]
[WhiteElo "2183"]
[BlackElo "2125"]
[EventDate "2010.03.03"]

1. e4 c5 2. Nf3 d6 3. d4 cxd4 4. Nxd4 Nf6 5. Nc3 g6 6. Be2 Bg7 7. O-O O-O
8. Bg5 h6 9. Bh4 a6 10. a4 b6 11. Bf3 Ra7 12. Re1 Bb7 13. Nd5 Nbd7 14. c3
e6 15. Nxf6+ Nxf6 16. h3 Qc7 17. Qd2 Kh7 18. Rad1 Rd8 19. Qe2 Raa8 20. Bg3
e5 21. Nc2 Bc6 22. b3 b5 23. axb5 axb5 24. Nb4 Ra3 25. Nxc6 Qxc6 26. Bxe5
Rxb3 27. Bxf6 1-0

[Event "42nd WGM"]
[Site "Belgrade SRB"]
[Date "2010.03.06"]
[Round "4"]
[White "Boric,E"]
[Black "Miladinovic,L"]
[Result "1-0"]
[WhiteElo "2263"]
[BlackElo "2038"]
[EventDate "2010.03.03"]

1. d4 Nf6 2. Nf3 e6 3. e3 c5 4. Bd3 d6 5. O-O Nbd7 6. c3 a6 7. a4 b6 8. e4
Bb7 9. Qe2 Be7 10. Bf4 O-O 11. h3 Re8 12. Nbd2 Bf8 13. e5 Nd5 14. Bxh7+ Kh8
15. Bg5 f6 16. Bc2 fxg5 17. Qd3 g6 18. Qxg6 Qe7 19. Nxg5 Qg7 20. Qh5+ Kg8
21. Bh7+ Kh8 22. Bg6+ Kg8 23. Bf7+ 1-0

[Event "42nd WGM"]
[Site "Belgrade SRB"]
[Date "2010.03.06"]
[Round "4"]
[White "Maksimovic,S"]
[Black "Petrovic,Mari"]
[Result "0-1"]
[WhiteElo "2272"]
[BlackElo "2182"]
[EventDate "2010.03.03"]

1. d4 Nf6 2. c4 g6 3. Nc3 Bg7 4. e4 d6 5. f3 O-O 6. Nge2 c6 7. Be3 a6 8. c5
Nbd7 9. Qc2 dxc5 10. dxc5 Qa5 11. a3 Rd8 12. Rd1 Nf8 13. Rxd8 Qxd8 14. Na4
N6d7 15. Nc1 Ne5 16. Nb6 Rb8 17. Be2 Ned7 18. Nc4 Ne6 19. Nb3 g5 20. O-O
Ne5 21. g3 Nxc4 22. Bxc4 Bf6 23. f4 h6 24. e5 Bg7 25. f5 Nc7 26. f6 exf6
27. exf6 Nd5 28. fxg7 Bh3 29. Bxd5 Qxd5 30. Re1 Re8 31. Nc1 Re6 32. Qd2
Rxe3 33. Re2 Qxd2 34. Rxd2 Re1+ 35. Kf2 Rxc1 0-1

[Event "42nd WGM"]
[Site "Belgrade SRB"]
[Date "2010.03.06"]
[Round "4"]
[White "Petrenko,S"]
[Black "Grabuzova,T"]
[Result "1-0"]
[WhiteElo "2268"]
[BlackElo "2347"]
[EventDate "2010.03.03"]

1. e4 c6 2. d4 d5 3. Nc3 dxe4 4. Nxe4 Bf5 5. Ng3 Bg6 6. Nf3 Nd7 7. Bc4 e6
8. Qe2 Ngf6 9. O-O Be7 10. Bb3 a5 11. c4 a4 12. Bc2 Bxc2 13. Qxc2 Qc7 14.
Bd2 O-O 15. Rfe1 Rfd8 16. Rac1 Nf8 17. Ne2 Ng6 18. a3 Qd7 19. c5 Nd5 20.
Nc3 Nxc3 21. bxc3 b6 22. cxb6 Rdb8 23. Rb1 Qd8 24. b7 Ra6 25. c4 Qd7 26. c5
Ra7 27. Rb4 Raxb7 28. Qxa4 Rxb4 29. axb4 Bf6 30. Be3 Qb7 31. Ra1 h6 32. h3
Ne7 33. Bf4 Rd8 34. Qa5 Nd5 35. Bd2 Rb8 36. Qa6 Qxa6 37. Rxa6 Nxb4 38. Rb6
Rxb6 39. cxb6 Na6 40. Bf4 e5 41. Nxe5 g5 42. Bg3 c5 43. b7 cxd4 44. Nd3 Be7
45. b8=Q+ Nxb8 46. Bxb8 Kg7 47. Be5+ Kg6 48. Bxd4 Kf5 49. f3 h5 50. g3 Bd6
51. Kg2 Bc7 52. Nc5 Bb6 53. g4+ hxg4 54. fxg4+ Kg6 55. Ne6 Ba5 56. Nf8+ Kh6
57. Kf3 Bd8 58. Ke4 Bf6 59. Bc5 Bc3 60. Kf5 Bd2 61. Bd4 Bc1 62. Nd7 Bd2 63.
Ne5 1-0

[Event "42nd WGM"]
[Site "Belgrade SRB"]
[Date "2010.03.07"]
[Round "5"]
[White "Miladinovic,L"]
[Black "Voiska,M"]
[Result "0-1"]
[WhiteElo "2038"]
[BlackElo "2320"]
[EventDate "2010.03.03"]

1. e4 c5 2. Nf3 Nc6 3. Bb5 e6 4. Bxc6 bxc6 5. d3 Ne7 6. h4 h5 7. Bd2 d6 8.
e5 d5 9. Nc3 Nf5 10. Na4 Be7 11. b3 c4 12. dxc4 dxc4 13. Bg5 Qa5+ 14. c3 c5
15. Bxe7 Kxe7 16. O-O Bb7 17. b4 cxb4 18. Nd4 Nxd4 19. cxd4 Qd5 20. f3 Rad8
21. Qe1 Qxd4+ 22. Kh1 c3 23. a3 a5 24. axb4 axb4 25. Qg3 Kf8 26. Rfc1 Rd5
27. Rab1 Bc6 28. Nxc3 bxc3 29. Rb8+ Rd8 30. Rxd8+ Qxd8 31. Rxc3 Bd5 32. f4
g6 33. f5 gxf5 34. Qf4 Rg8 35. Qb4+ Kg7 36. Kh2 Kh7 37. g3 Rg4 38. Qb2 f4
39. Qc2+ Kg7 0-1

[Event "42nd WGM"]
[Site "Belgrade SRB"]
[Date "2010.03.07"]
[Round "5"]
[White "Stefanidi,M1"]
[Black "Boric,E"]
[Result "1/2-1/2"]
[WhiteElo "2125"]
[BlackElo "2263"]
[EventDate "2010.03.03"]

1. e4 e6 2. d4 d5 3. Nd2 Nf6 4. e5 Nfd7 5. Bd3 c5 6. c3 Nc6 7. Ne2 cxd4 8.
cxd4 f6 9. exf6 Nxf6 10. O-O Bd6 11. f4 Qc7 12. Nf3 O-O 13. h3 Bd7 14. Be3
a6 15. Rc1 Qb6 16. Qd2 Rac8 17. g4 Bb4 18. Qd1 Na5 19. Rxc8 Rxc8 20. Ng3
Bb5 21. Bxb5 Qxb5 22. Ng5 Qb6 23. Qd3 Nc4 24. Bc1 e5 1/2-1/2

[Event "42nd WGM"]
[Site "Belgrade SRB"]
[Date "2010.03.07"]
[Round "5"]
[White "Petrovic,Mari"]
[Black "Petrenko,S"]
[Result "1-0"]
[WhiteElo "2182"]
[BlackElo "2268"]
[EventDate "2010.03.03"]

1. d4 Nf6 2. Nf3 g6 3. c3 b6 4. Bg5 Bg7 5. Nbd2 Bb7 6. e3 O-O 7. Qc2 d5 8.
Ne5 Nbd7 9. Nxd7 Qxd7 10. Be2 c5 11. O-O Rac8 12. Bf3 Ne8 13. Qb3 e6 14. a4
f6 15. Bh4 c4 16. Qc2 f5 17. b3 cxb3 18. Nxb3 Nd6 19. Bg3 Ne4 20. Bxe4 fxe4
21. a5 Bc6 22. axb6 axb6 23. Ra3 Rf7 24. Rfa1 Bf8 25. Ra6 Qb7 26. Qe2 Be8
27. h4 h5 28. Qb2 Bb5 29. Ra7 Qc6 30. Rxf7 Kxf7 31. Ra7+ Kg8 32. Nd2 Bd3
33. Be5 b5 34. Nb3 Ra8 35. Rc7 Qe8 36. Nc5 Bc4 37. Nd7 Be7 38. Nf6+ Bxf6
39. Bxf6 Ra4 40. Kh2 Qb8 41. Be5 Qd8 42. Rg7+ Kf8 43. Kg3 Qe8 44. Rh7 Qc6
45. Kf4 b4 46. cxb4 Ra2 47. Qc1 Rxf2+ 48. Kg3 Ra2 49. Kh2 Qa4 50. Qe1 Qc2
51. Qg3 1-0

[Event "42nd WGM"]
[Site "Belgrade SRB"]
[Date "2010.03.07"]
[Round "5"]
[White "Grabuzova,T"]
[Black "Eric,J"]
[Result "1/2-1/2"]
[WhiteElo "2347"]
[BlackElo "2183"]
[EventDate "2010.03.03"]

1. d4 d5 2. c4 c6 3. Nf3 Nf6 4. Nc3 dxc4 5. a4 Bf5 6. e3 e6 7. Bxc4 Bb4 8.
O-O Nbd7 9. Nh4 Bg6 10. g3 Bh5 11. f3 O-O 12. Qe2 e5 13. g4 exd4 14. Na2 d3
15. Bxd3 Nd5 16. Ng2 Bg6 17. Nxb4 Nxb4 18. Bxg6 hxg6 19. Bd2 a5 20. e4 Ne5
21. Bc3 Qb6+ 22. Qe3 Nc4 23. Qxb6 Nxb6 24. Rfd1 Rfd8 25. Rxd8+ Rxd8 26. Kf1
f6 27. Ke2 Kf7 28. h4 Nc2 29. Rd1 Rxd1 30. Kxd1 Nb4 31. b3 Nd7 32. Ne3 Nc5
33. Nc4 Nxb3 34. Nxa5 Nxa5 35. Bxb4 Nc4 36. Ke2 b6 37. f4 Ke6 38. Bc3 Nd6
39. Kf3 Nb7 40. Bd4 b5 41. axb5 cxb5 42. f5+ gxf5 43. exf5+ Kd5 44. Ba1 Nd6
45. Kf4 b4 46. g5 fxg5+ 47. hxg5 1/2-1/2

[Event "42nd WGM"]
[Site "Belgrade SRB"]
[Date "2010.03.07"]
[Round "5"]
[White "Benderac,A"]
[Black "Maksimovic,S"]
[Result "1/2-1/2"]
[WhiteElo "2299"]
[BlackElo "2272"]
[EventDate "2010.03.03"]

1. d4 d5 2. Nf3 Bf5 3. Bf4 e6 4. e3 h6 5. Be2 c6 6. Nbd2 Nf6 7. O-O Bd6 8.
Bxd6 Qxd6 9. c4 Nbd7 10. cxd5 exd5 11. Rc1 O-O 12. a3 a5 13. Nb3 Rfe8
1/2-1/2

[Event "42nd WGM"]
[Site "Belgrade SRB"]
[Date "2010.03.08"]
[Round "6"]
[White "Stefanidi,M1"]
[Black "Grabuzova,T"]
[Result "1/2-1/2"]
[WhiteElo "2125"]
[BlackElo "2347"]
[EventDate "2010.03.03"]

1. e4 c6 2. d4 d5 3. Nd2 dxe4 4. Nxe4 Bf5 5. Ng3 Bg6 6. f4 e6 7. Nf3 Bd6 8.
Bd3 Ne7 9. O-O Nd7 10. c4 Qc7 11. Ng5 c5 12. b4 b6 13. Qf3 O-O 14. Bxg6
Nxg6 15. dxc5 bxc5 16. b5 Ne7 1/2-1/2

[Event "42nd WGM"]
[Site "Belgrade SRB"]
[Date "2010.03.08"]
[Round "6"]
[White "Eric,J"]
[Black "Petrovic,Mari"]
[Result "1-0"]
[WhiteElo "2183"]
[BlackElo "2182"]
[EventDate "2010.03.03"]

1. e4 g6 2. d4 Bg7 3. Nc3 c6 4. Be3 d6 5. Qd2 Nd7 6. Nf3 Qa5 7. Bd3 Ngf6 8.
O-O Ng4 9. Bg5 h6 10. Bxe7 Qc7 11. Bh4 Ngf6 12. e5 Nh7 13. exd6 Qb8 14.
Qe3+ Kf8 15. Qe7+ Kg8 16. Bxg6 1-0

[Event "42nd WGM"]
[Site "Belgrade SRB"]
[Date "2010.03.08"]
[Round "6"]
[White "Boric,E"]
[Black "Voiska,M"]
[Result "1/2-1/2"]
[WhiteElo "2263"]
[BlackElo "2320"]
[EventDate "2010.03.03"]

1. d4 d5 2. c4 c6 3. cxd5 cxd5 4. Nc3 Nf6 5. Nf3 Nc6 6. Bf4 a6 7. e3 Bf5 8.
Bd3 Bxd3 9. Qxd3 e6 10. O-O Bd6 11. Bxd6 Qxd6 12. a3 1/2-1/2

[Event "42nd WGM"]
[Site "Belgrade SRB"]
[Date "2010.03.08"]
[Round "6"]
[White "Petrenko,S"]
[Black "Benderac,A"]
[Result "0-1"]
[WhiteElo "2268"]
[BlackElo "2299"]
[EventDate "2010.03.03"]

1. e4 Nc6 2. Nc3 e6 3. d4 Bb4 4. a3 Bxc3+ 5. bxc3 d6 6. Nf3 h6 7. Bd3 Nf6
8. O-O e5 9. h3 O-O 10. d5 Ne7 11. Nh4 g5 12. Qf3 Ng6 13. Nxg6 fxg6 14. Qd1
Nh5 15. Re1 Nf4 16. Bf1 Qf6 17. Be3 Kg7 18. Qd2 Bd7 19. Kh2 g4 20. g3 g5
21. hxg4 Bxg4 22. f3 Bxf3 23. gxf4 gxf4 24. Bf2 Qg6 25. Bh3 Kh8 26. Qd3 Qh5
27. Rg1 Be2 28. Qd2 Rg8 29. Rae1 Bf3 30. Qd3 Rg5 31. Bh4 Rag8 32. Bxg5 hxg5
33. Ref1 Be2 34. Qd2 g4 35. Rxg4 Bxg4 0-1

[Event "42nd WGM"]
[Site "Belgrade SRB"]
[Date "2010.03.09"]
[Round "7"]
[White "Grabuzova,T"]
[Black "Boric,E"]
[Result "1-0"]
[WhiteElo "2347"]
[BlackElo "2263"]
[EventDate "2010.03.03"]

1. d4 f5 2. c4 Nf6 3. Nc3 g6 4. g3 Bg7 5. Bg2 d6 6. Nf3 O-O 7. O-O Nc6 8.
d5 Na5 9. Nd2 c5 10. dxc6 Nxc6 11. Qa4 Bd7 12. Qb3 Na5 13. Qa3 Bc6 14. b4
Bxg2 15. Kxg2 Nc6 16. Nf3 b6 17. Qb3 Kh8 18. Bb2 e6 19. Rad1 Qe7 20. Rfe1
Rad8 21. e3 h6 22. Nb5 e5 23. Nc3 g5 24. a3 Qb7 25. Nd5 Nxd5 26. cxd5 Ne7
27. Ng1 Rc8 28. f3 Rc7 29. e4 fxe4 30. fxe4 Ng6 31. Rf1 Rcf7 32. Qd3 Qc8
33. h3 g4 34. h4 h5 35. Rc1 Qd8 36. Rxf7 Rxf7 37. Rf1 Bf6 38. Qd2 Kg7 39.
Bc1 Qh8 40. Qf2 Qf8 41. Qf5 Qh8 42. Bg5 Qf8 43. Be3 Qh8 44. Qe6 Nf8 45.
Qxd6 Qh7 46. Rf5 Kg8 47. Rxf6 Qxe4+ 48. Kf2 Rxf6+ 49. Qxf6 Qxd5 50. Qg5+
Kf7 51. Qxh5+ 1-0